Biblioteca y Centro de Documentación

La cooperación española y los desafíos de la nueva Agenda Internacional para el desarrollo sostenible (Registro nro. 47559)

Detalles MARC
000 -CABECERA
Longitud fija campo de control 01200naa a2200253 c 4500
001 - NÚMERO DE CONTROL
Número de control 47559
003 - IDENTIFICADOR DE NÚMERO DE CONTROL
Identificador del número de control ES-MaCES
005 - FECHA Y HORA DE LA ÚLTIMA TRANSACCIÓN
Fecha y hora de la última transacción 20220207102325.0
008 - CAMPO FIJO DE DESCRIPCIÓN FIJA--INFORMACIÓN GENERAL
Códigos de información de longitud fija   160426s2016 sp ||||| t||||||| ||spa d
040 ## - FUENTE DE CATALOGACIÓN
Centro catalogador de origen ES-MaCES
Lengua de catalogación spa
Centro transcriptor ES-MaCES
Centro modificado ES-MaCES
100 1# - ENCABEZAMIENTO PRINCIPAL--NOMBRE PERSONAL
Nombre de persona Cascante Hernández, Kattya
9 (RLIN) 9211
245 13 - MENCIÓN DE TÍTULO
Título La cooperación española y los desafíos de la nueva Agenda Internacional para el desarrollo sostenible
Resto del título = The Spanish cooperation and the challenges of the New Internacional Agenda for sustainable development
Mención de responsabilidad, etc. Kattya Cascante
500 ## - NOTA GENERAL
Nota general Resumen
650 #4 - ASIENTO SECUNDARIO DE MATERIA--TÉRMINO DE MATERIA
9 (RLIN) 26635
Término de materia o nombre geográfico como elemento inicial cooperación internacional
650 #4 - ASIENTO SECUNDARIO DE MATERIA--TÉRMINO DE MATERIA
9 (RLIN) 26634
Término de materia o nombre geográfico como elemento inicial ayuda al desarrollo
650 #4 - ASIENTO SECUNDARIO DE MATERIA--TÉRMINO DE MATERIA
9 (RLIN) 26649
Término de materia o nombre geográfico como elemento inicial programa de ayuda
650 #4 - ASIENTO SECUNDARIO DE MATERIA--TÉRMINO DE MATERIA
9 (RLIN) 30785
Término de materia o nombre geográfico como elemento inicial desarrollo sostenible
650 #4 - ASIENTO SECUNDARIO DE MATERIA--TÉRMINO DE MATERIA
9 (RLIN) 26687
Término de materia o nombre geográfico como elemento inicial política exterior
650 #4 - ASIENTO SECUNDARIO DE MATERIA--TÉRMINO DE MATERIA
9 (RLIN) 26964
Término de materia o nombre geográfico como elemento inicial España
653 10 - TÉRMINO DE INDEXACIÓN--NO CONTROLADO
Término no controlado Cooperación al desarrollo
773 0# - ENTRADA DE DOCUMENTO FUENTE
Itemnumber del ítem fuente 83950
Lugar, editor y fecha de publicación Madrid <Donoso Cortés, 65-6ª, 28015) Instituto Universitario de Desarrollo y Cooperación, Universidad Complutense 1997-
Otro identificador del documento 086852
Título Revista española de desarrollo y cooperación
Número de control del registro relacionado (ES-MaCES)25673
Parte(s) relacionada(s) n. 37 (invierno 2016) {10670 R. 086852} ;p. 147-155
902 ## - CES. TIPO DE DOCUMENTO
Tipodoc (006$c Sirtex) ART Artículo de revista
942 ## - ELEMENTOS KOHA
Fuente de clasificaión o esquema Clasificación propia del CES
Koha [por defecto] tipo de item Artículos (1982-2017)
Parte de clasificación Cooperación al desarrollo

No hay ítems disponibles.

© CES, Consejo Económico y Social de España 2021